ბათუმის შოთა რუსთაველის სახელმწიფო უნივერსიტეტის ბიბლიოთეკა

სონანტთა სისტემა და აბლაუტი ქართველურ ენებში : (ბიბ.ჩანაწერი № 62345)

000 -ლიდერი
ფიქსირებული სიგრძის საკონტროლო ველი 01435nam a22002177a 4500
003 - საკონტროლო ნომრის იდენტიფიკატორი
საკონტროლო ველი Ge_BSU
005 - ბოლო ოპერაციის თარიღი და დრო
საკონტროლო ველი 20241008125735.0
008 - ფიქსირებული სიგრძის მონაცემთა ელემენტები - ზოგადი ინფორმაცია
ფიქსირებული სიგრძის საკონტროლო ველი 241008s1965 ge ||||| |||| 00| 0 geo d
041 ## - ენის კოდი
Language code of text/sound track or separate title geo
080 ## - უნივერსალური ათობითი კლასიფიკაციის ინდექსი
Universal Decimal Classification number 811.353'342 გ-19
100 ## - მთავარი ჩანაწერი - პიროვნების სახელი
Personal name გამყრელიძე, თამაზ
9 (RLIN) 23342
245 ## - ცნობა სათაურის შესახებ
Title სონანტთა სისტემა და აბლაუტი ქართველურ ენებში :
Remainder of title საერთო-ქართველური სტრუქტურის ტიპოლოგია /
Statement of responsibility, etc თამაზ გამყრელიძე, გივი მაჭავარიანი ; გ. წერეთლის რედ. და წინასიტყვ. ; საქ. სსრ მეცნ. აკად., აღმოსავლეთმცოდნ. ინ-ტი.
264 ## - წარმოების, გამოცემის, დისტრიბუციის და სხვა ცნობები
გამოცემის, წარმოების, დისტრიბუციის... ადგილი თბ. :
გამოცემის, წარმოების, დისტრიბუციის... სახელწოდება მეცნიერება,
გამოცემის, წარმოების, დისტრიბუციის... თარიღი 1965.
300 ## - ფიზიკური აღწერა
Extent 511 გვ. :
Other physical details ტაბ. ;
Dimensions 26 სმ.
653 ## - INDEX TERM--UNCONTROLLED
Uncontrolled term ქართველური ენების ფონეტიკა
700 ## - ADDED ENTRY--PERSONAL NAME
Personal name მაჭავარიანი, გივი
Relator term ავტორი
9 (RLIN) 9043
700 ## - ADDED ENTRY--PERSONAL NAME
Personal name წერეთელი, გ.
Relator term რედაქტორი.
9 (RLIN) 23343
773 ## - HOST ITEM ENTRY
Title ნაჩუქარი
856 ## - ELECTRONIC LOCATION AND ACCESS
Uniform Resource Identifier https://dspace.nplg.gov.ge/bitstream/1234/401759/1/SonanttaSistemaDaAblautiQartvelurEnebshi.pdf
Link text ელ. ვერსია
942 ## - ADDED ENTRY ELEMENTS (KOHA)
Source of classification or shelving scheme
Koha item type წიგნი
ეგზემპლარები
ჩამოწერის სტატუსი დაკარგული ეგზემპლარის სტატუსი კლასიფიკაციის წყარო ან თაროზე გაწყობის სქემა მითითებული მასალები (აკინძული ტომები ან სხვა ნაწილი) დაზიანების სტატუსი არ გაიცემა მუდმივი მდებარეობა (დაცვის ადგილი) ამჟამინდელი ადგილსამყოფელი თაროზე განთავსების ადგილი შეძენის თარიღი ღირებულება, შესყიდვის ნორმალური ფასი სრული შენახვის შიფრი შტრიხკოდი ბოლო ოპერაციის თარიღი ეგზემპლარის მიმდევრობითი ნომერი (კეტერი?) ფასის ძალაში შესვლის თარიღი ეგზემპლარის სახეობა საჯარო შენიშვნა
      ნაჩუქარი     ბათუმის შოთა რუსთაველის სახელმწიფო უნივერსიტეტის მთავარი ბიბლიოთეკა ბათუმის შოთა რუსთაველის სახელმწიფო უნივერსიტეტის მთავარი ბიბლიოთეკა წიგნსაცავი 2024-10-08 15.00 811.353'342 გ-19 69171 2024-10-08 69171 2024-10-08 წიგნი 15 ლ.